[Event "2014: Blitz 《 THE FINAL SHOOT-OUT 》"]
[Site "SchemingMind.com"]
[Date "2015.01.26"]
[Round "-"]
[White "Transcendent"]
[Black "bfrozen"]
[Result "0-1"]
[WhiteCountry "ENG"]
[BlackCountry "FIN"]
[WhiteElo "1589"]
[WhiteRD "69"]
[BlackElo "1571"]
[BlackRD "114"]
[GameID "373690"]

1. d4 Nf6 2. c4 g6 3. g3 Bg7 4. Bg2 c5 5. d5 d6 6. Nc3 O-O 7. Nf3 e6 8. O-O exd5 9. cxd5 b6 10. h3 Bb7
11. e4 Re8 12. Nd2 Nbd7 13. Qc2 Ba6 14. Re1 Ne5 15. b3 Nd3 16. Re3 Nb4 17. Qb1 Bb7 18. a3 Nbxd5 19. exd5 Nxd5 20. Bxd5 Bxd5
21. Rxe8+ Qxe8 22. Nxd5 Qe5 23. Ra2 Qxd5 24. Qe4 Qxe4 25. Nxe4 d5
0-1

[Event "2014: Blitz 《 THE FINAL SHOOT-OUT 》"]
[Site "SchemingMind.com"]
[Date "2015.01.26"]
[Round "-"]
[White "emvarela"]
[Black "Transcendent"]
[Result "1-0"]
[WhiteCountry "ARG"]
[BlackCountry "ENG"]
[WhiteElo "1693"]
[WhiteRD "51"]
[BlackElo "1589"]
[BlackRD "69"]
[GameID "373691"]

1. e4 e6 2. d4 d5 3. Nc3 Bb4 4. e5 c5 5. a3 Bxc3+ 6. bxc3 Qa5 7. Bd2 Qa4 8. Qb1 c4 9. f4 Ne7 10. Be2 O-O
11. Nf3 Nbc6 12. O-O b6 13. g4
1-0

[Event "2014: Blitz 《 THE FINAL SHOOT-OUT 》"]
[Site "SchemingMind.com"]
[Date "2015.01.25"]
[Round "-"]
[White "Transcendent"]
[Black "Phillip Beckett"]
[Result "0-1"]
[WhiteCountry "ENG"]
[BlackCountry "ENG"]
[WhiteElo "1589"]
[WhiteRD "69"]
[BlackElo "1541"]
[BlackRD "49"]
[GameID "373692"]

1. d4 d5 2. c4 e6 3. Nf3 Nf6 4. g3 Be7 5. Bg2 c6 6. Qc2 O-O 7. O-O Nbd7 8. Bf4 dxc4 9. Qxc4 Nb6 10. Qc2 Nbd5
11. Be5 Bd6 12. Nc3 Nxc3 13. bxc3 Bxe5 14. Nxe5 Nd7 15. Be4 Nxe5 16. dxe5 Qg5 17. f4 Qe7 18. Rfd1 Bd7 19. Bxh7+ Kh8 20. Be4 Rad8
21. Rd6 Bc8 22. Rad1 Rxd6 23. Rxd6 Rd8 24. Qd2 Rxd6 25. Qxd6 Qxd6 26. exd6 Bd7 27. Kf2 b6 28. Ke3 c5 29. g4 f6 30. f5 e5
31. Kd3 Kg8 32. Kc4 Kf8 33. Kd5 Ke8 34. h4 Kd8 35. Bd3 a5 36. Ba6 Ke8 37. Bb7 Kd8 38. Bc6 Bc8 39. a4 Ba6 40. e3 Bc8
0-1

[Event "2014: Blitz 《 THE FINAL SHOOT-OUT 》"]
[Site "SchemingMind.com"]
[Date "2015.01.26"]
[Round "-"]
[White "Transcendent"]
[Black "Scooter"]
[Result "0-1"]
[WhiteCountry "ENG"]
[BlackCountry "USA"]
[WhiteElo "1589"]
[WhiteRD "69"]
[BlackElo "1731"]
[BlackRD "44"]
[GameID "373693"]

1. d4 Nf6 2. c4 g6 3. g3 Bg7 4. Bg2 O-O 5. Nc3 c6 6. Nf3 d5 7. O-O Bg4 8. Nd2 Re8 9. h3 Bc8 10. Qc2 Bf5
11. Qb3 Qb6 12. c5 Qxb3 13. axb3 Nfd7 14. b4 Bxd4 15. Ndb1 Bxb1 16. Nxb1 Bg7 17. Nc3 e5 18. Bd2 Na6 19. Nb1 e4 20. Ra2 Nc7
21. Na3 b6 22. cxb6 axb6 23. Rfa1 Ra6 24. Nc2 Rea8 25. Rxa6= Rxa6 26. Rxa6 Nxa6 27. Bc3 Ne5 28. Ne3 Nd7 29. Bxg7 Kxg7 30. b5 cxb5
31. Nxd5 f5 32. e3 Nac5 33. Bf1 Nd3 34. Bxd3 exd3 35. Kf1 Kf7 36. Nf4 Ne5 37. Ke1 Nf3+ 38. Kd1 d2 39. Ne2 Ke6 40. Nc3 b4
41. Nb1 Ng1 42. h4 Nh3 43. Nxd2 Nxf2+ 44. Ke2 Ne4 45. Nf1 Kd5 46. Kd3 b5 47. b3 Nc5+ 48. Kc2 Ke4
0-1

[Event "2014: Blitz 《 THE FINAL SHOOT-OUT 》"]
[Site "SchemingMind.com"]
[Date "2015.01.26"]
[Round "-"]
[White "Transcendent"]
[Black "marcferrand"]
[Result "1-0"]
[WhiteCountry "ENG"]
[BlackCountry "FRA"]
[WhiteElo "1589"]
[WhiteRD "69"]
[BlackElo "1347"]
[BlackRD "191"]
[GameID "373694"]

1. d4 d5 2. c4 dxc4 3. e3 b5 4. a4 c6 5. axb5 cxb5 6. Qf3 Nc6 7. Qxc6+ Bd7 8. Qf3 Qc8 9. Nc3 g6 10. Nd5 Bc6
11. e4 e6 12. Nf6+ Ke7 13. Bg5 Bg7 14. Nxg8+ Kd7 15. Nf6+ Kc7 16. d5 exd5 17. exd5 Bxf6 18. Bxf6 Re8+ 19. Be2 Qd7 20. dxc6 Qd6
21. Rd1 Qb4+ 22. Bc3 Qb3 23. Qxf7+ Kb6 24. Qb7+ Kc5 25. Bd4+ Kb4 26. Bc3+ Kc5 27. c7 Qa4 28. Rd5#
1-0

[Event "2014: Blitz 《 THE FINAL SHOOT-OUT 》"]
[Site "SchemingMind.com"]
[Date "2015.01.27"]
[Round "-"]
[White "Goz"]
[Black "Transcendent"]
[Result "1-0"]
[WhiteCountry "ENG"]
[BlackCountry "ENG"]
[WhiteElo "1596"]
[WhiteRD "67"]
[BlackElo "1589"]
[BlackRD "69"]
[GameID "373695"]

1. d4 d5 2. e3 Nf6 3. h3 c5 4. c3 Bf5 5. Bd3 Bxd3 6. Qxd3 e6 7. Nf3 Nc6 8. O-O Be7 9. b3 O-O 10. dxc5 Bxc5
11. b4 Bb6 12. a4 Bc7 13. a5 Ne5 14. Nxe5 Bxe5 15. Na3 a6 16. Bd2 Ne4 17. f4 Nxd2 18. Qxd2 Bf6 19. Rac1 Rc8 20. Nb1 Rc6
21. Rc2 Qd7 22. Rfc1
1-0

[Event "2014: Blitz 《 THE FINAL SHOOT-OUT 》"]
[Site "SchemingMind.com"]
[Date "2015.01.25"]
[Round "-"]
[White "Transcendent"]
[Black "ray winteringham"]
[Result "0-1"]
[WhiteCountry "ENG"]
[BlackCountry "ENG"]
[WhiteElo "1589"]
[WhiteRD "69"]
[BlackElo "1486"]
[BlackRD "52"]
[GameID "373697"]

1. d4 d5 2. c4 dxc4 3. e3 Be6 4. Nc3 c6 5. Nf3 Nf6 6. Be2 g6 7. O-O Bg7 8. e4 O-O 9. Bg5 b5 10. Bxf6 Bxf6
11. d5 Bd7 12. e5 Bg7 13. Re1 cxd5 14. Qxd5 Bc6 15. Qxd8 Rxd8 16. Rad1 Na6 17. Rxd8+ Rxd8 18. e6 fxe6 19. Ng5 e5 20. Ne6 Rd6
21. Nxg7 Kxg7 22. Bg4 b4 23. Ne4 Bxe4 24. Rxe4 Rd4 25. Bf3 Rxe4 26. Bxe4 Nc5 27. Bb1 a5 28. Kf1 Kf6 29. Ke2 Kg5 30. Kd2 a4
31. h3 Kh5 32. Ke3 Kg5 33. g3 Kf6 34. a3 b3 35. Kd2 Ke6 36. h4 Nd7 37. Kc3 Kd5 38. f3 Kc5 39. h5 Nf8 40. hxg6 hxg6
0-1

[Event "2014: Blitz 《 THE FINAL SHOOT-OUT 》"]
[Site "SchemingMind.com"]
[Date "2015.01.25"]
[Round "-"]
[White "Ramesh Panwar"]
[Black "Transcendent"]
[Result "1-0"]
[WhiteCountry "IND"]
[BlackCountry "ENG"]
[WhiteElo "2329"]
[WhiteRD "52"]
[BlackElo "1589"]
[BlackRD "69"]
[GameID "373698"]

1. e4 e6 2. d4 d5 3. Nc3 Bb4 4. exd5 exd5 5. Nf3 Nf6 6. Bd3 c6 7. O-O O-O 8. h3 Re8 9. Re1 Ne4 10. Bxe4 dxe4
11. Rxe4 Bxc3 12. Rxe8+ Qxe8 13. bxc3 Bf5 14. c4 Nd7 15. Nh4 Bg6 16. Rb1 b6 17. Nxg6 hxg6 18. Be3 Nf6 19. a4 Ne4 20. Qd3 Rd8
21. a5 bxa5 22. Re1 Nf6 23. Bd2 Qd7 24. Bxa5 Re8 25. Rxe8+ Qxe8 26. g4 Qd7 27. Kg2 Qb7 28. f3 Qa6 29. Bc3 Ne8 30. h4
1-0

[Event "2014: Blitz 《 THE FINAL SHOOT-OUT 》"]
[Site "SchemingMind.com"]
[Date "2015.01.25"]
[Round "-"]
[White "Transcendent"]
[Black "kenneth m day"]
[Result "1/2-1/2"]
[WhiteCountry "ENG"]
[BlackCountry "USA"]
[WhiteElo "1589"]
[WhiteRD "69"]
[BlackElo "1698"]
[BlackRD "51"]
[GameID "373699"]

1. d4 Nf6 2. c4 e6 3. g3 d5 4. Nf3 c5 5. cxd5 exd5 6. Nc3 Nc6 7. Bg2 Be7 8. O-O O-O 9. Bg5 Bg4 10. dxc5 d4
11. Bxf6 Bxf6 12. Nb5 Re8 13. h3 Bh5 14. g4 Bg6 15. Rc1 Be7 16. Nbxd4 Rc8 17. Nxc6 Rxc6 18. Ne5 Rxc5 19. Rxc5 Bxc5 20. Qxd8 Rxd8
21. Nxg6 hxg6 22. e3 b6 23. a3 Rd2 24. Rb1 Be7 25. Be4=
1/2-1/2

[Event "2014: Blitz 《 THE FINAL SHOOT-OUT 》"]
[Site "SchemingMind.com"]
[Date "2015.01.26"]
[Round "-"]
[White "Baran"]
[Black "Kid A"]
[Result "0-1"]
[WhiteCountry "CRO"]
[BlackCountry "FIN"]
[WhiteElo "1133"]
[WhiteRD "135"]
[BlackElo "1969"]
[BlackRD "71"]
[GameID "373749"]

1. d4 d5 2. c4 e6 3. Nc3 Nf6 4. Bg5 Be7 5. Nf3 h6 6. Bh4 O-O 7. e3 b6 8. Qb3 Bb7 9. Bxf6 Bxf6 10. cxd5 exd5
11. Rd1 Re8 12. Bd3 a5 13. O-O Na6
0-1

[Event "2014: Blitz 《 THE FINAL SHOOT-OUT 》"]
[Site "SchemingMind.com"]
[Date "2015.01.27"]
[Round "-"]
[White "bfrozen"]
[Black "Baran"]
[Result "1-0"]
[WhiteCountry "FIN"]
[BlackCountry "CRO"]
[WhiteElo "1571"]
[WhiteRD "114"]
[BlackElo "1133"]
[BlackRD "135"]
[GameID "373751"]

1. e4 d5 2. exd5 Qxd5 3. Nc3 Qa5 4. Bc4 Nf6 5. d4 Bg4 6. Nf3 Nc6 7. O-O O-O-O 8. Be3 e5 9. d5 e4 10. Qc1 exf3
11. dxc6
1-0

[Event "2014: Blitz 《 THE FINAL SHOOT-OUT 》"]
[Site "SchemingMind.com"]
[Date "2015.01.27"]
[Round "-"]
[White "Phillip Beckett"]
[Black "Baran"]
[Result "1-0"]
[WhiteCountry "ENG"]
[BlackCountry "CRO"]
[WhiteElo "1541"]
[WhiteRD "49"]
[BlackElo "1133"]
[BlackRD "135"]
[GameID "373753"]

1. e4 d5 2. exd5 Qxd5 3. Nc3 Qd8 4. Nf3 g6 5. Be2 Bg7 6. d3 Nh6 7. O-O Nf5 8. Bd2 Nc6 9. Qc1 Nfd4 10. Nxd4 Nxd4
11. Re1 Nxe2+ 12. Rxe2 O-O 13. Bh6 Bf5 14. Bxg7
1-0

[Event "2014: Blitz 《 THE FINAL SHOOT-OUT 》"]
[Site "SchemingMind.com"]
[Date "2015.01.27"]
[Round "-"]
[White "marcferrand"]
[Black "Baran"]
[Result "1-0"]
[WhiteCountry "FRA"]
[BlackCountry "CRO"]
[WhiteElo "1347"]
[WhiteRD "191"]
[BlackElo "1133"]
[BlackRD "135"]
[GameID "373758"]

1. e4 d5 2. Nc3 d4 3. Nd5 e5 4. Bc4 Nf6 5. d3 c6 6. Nxf6+ Qxf6 7. Ne2 Be6 8. b3 Bb4+ 9. Bd2 Bxd2+ 10. Qxd2 Bxc4
11. dxc4
1-0

[Event "2014: Blitz 《 THE FINAL SHOOT-OUT 》"]
[Site "SchemingMind.com"]
[Date "2015.01.27"]
[Round "-"]
[White "ray winteringham"]
[Black "Baran"]
[Result "1-0"]
[WhiteCountry "ENG"]
[BlackCountry "CRO"]
[WhiteElo "1486"]
[WhiteRD "52"]
[BlackElo "1133"]
[BlackRD "135"]
[GameID "373760"]

1. e4 e6 2. d4 d5 3. e5 c5 4. Nf3 Nc6 5. Be3 Qb6 6. b3 cxd4 7. Nxd4 Bc5 8. c3 Nge7 9. Be2 Bd7 10. O-O Nxe5
11. b4 Bd6 12. a4 N7c6 13. Nxe6
1-0

[Event "2014: Blitz 《 THE FINAL SHOOT-OUT 》"]
[Site "SchemingMind.com"]
[Date "2015.01.26"]
[Round "-"]
[White "Baran"]
[Black "Ramesh Panwar"]
[Result "1/2-1/2"]
[WhiteCountry "CRO"]
[BlackCountry "IND"]
[WhiteElo "1825"]
[WhiteRD "344"]
[BlackElo "2302"]
[BlackRD "50"]
[GameID "373761"]

1. d4 Nf6 2. c4 g6 3. Nc3 Bg7 4. e4 d6 5. f3 Nfd7 6. Be3 O-O 7. Qd2 c5 8. d5 Qa5 9. Bh6 Bxh6 10. Qxh6 Nf6
11. h4 Nbd7 12. Nh3 Nb6 13. Ng5 Na4 14. Rc1 Nxc3 15. bxc3 Qa3 16. Rc2 Bd7 17. h5 Ba4 18. Nxh7 Ng4 19. fxg4 Bxc2 20. Rh3 g5
21. Nxf8 Qc1+ 22. Kf2 Rxf8 23. Re3 f6 24. Qg6+ Kh8 25. h6 Rg8 26. Qf7 Bd1 27. Be2 Bxe2 28. Kxe2 Qc2+ 29. Kf1=
1/2-1/2

[Event "2014: Blitz 《 THE FINAL SHOOT-OUT 》"]
[Site "SchemingMind.com"]
[Date "2015.01.28"]
[Round "-"]
[White "Kid A"]
[Black "Andoni Zabala"]
[Result "1-0"]
[WhiteCountry "FIN"]
[BlackCountry "INT"]
[WhiteElo "1923"]
[WhiteRD "70"]
[BlackElo "1699"]
[BlackRD "86"]
[GameID "373787"]

1. e4 c6 2. d4 d5 3. Nc3 dxe4 4. Nxe4 Bf5 5. Ng3 Bg6 6. h4 h6 7. h5 Bh7 8. Nf3 e6 9. Bd3 Bxd3 10. Qxd3 Nd7
11. Bf4 Ne7 12. O-O-O Nd5 13. Bd2 Bd6 14. Ne4 Qc7 15. Nxd6+ Qxd6 16. Rhe1 O-O 17. Ne5 b5 18. Qg3 Kh7 19. Ng6 Qxg3 20. Nxf8+ Nxf8
21. fxg3 Nf6 22. a4 Nxh5 23. axb5 cxb5 24. Re5 Nxg3 25. Bf4 Nf5 26. Rxb5 Ng6 27. g4 Nfe7 28. Bd6 Nd5 29. Rb7 f6 30. Re1 Ndf4
31. Re4 e5 32. dxe5 Re8 33. Rxa7 Nd5 34. c4 Nb6 35. c5 Nc8 36. exf6 Nxd6 37. Rxg7+ Kh8 38. Rxe8+
1-0

[Event "2014: Blitz 《 THE FINAL SHOOT-OUT 》"]
[Site "SchemingMind.com"]
[Date "2015.01.28"]
[Round "-"]
[White "Andoni Zabala"]
[Black "marcferrand"]
[Result "0-1"]
[WhiteCountry "INT"]
[BlackCountry "FRA"]
[WhiteElo "1745"]
[WhiteRD "88"]
[BlackElo "1347"]
[BlackRD "191"]
[GameID "373788"]

1. e4 e5 2. Nf3 Nc6 3. Bc4 a6 4. c3 Nh6 5. d4 d6 6. dxe5 Nxe5 7. Nxe5 dxe5 8. Qxd8+ Kxd8 9. Be3 Be6 10. Bxe6 fxe6
11. Na3 b6
0-1

[Event "2014: Blitz 《 THE FINAL SHOOT-OUT 》"]
[Site "SchemingMind.com"]
[Date "2015.01.28"]
[Round "-"]
[White "Goz"]
[Black "Andoni Zabala"]
[Result "1-0"]
[WhiteCountry "ENG"]
[BlackCountry "INT"]
[WhiteElo "1596"]
[WhiteRD "67"]
[BlackElo "1745"]
[BlackRD "88"]
[GameID "373789"]

1. d4 d5 2. e3 Nf6 3. Nc3 g6 4. Nf3 Bg7 5. Bd3 O-O 6. O-O Bg4 7. h3 Bxf3 8. Qxf3 c6 9. b4 a5 10. bxa5 Qxa5
11. Bd2 Qc7 12. a4 Na6 13. Rfb1 c5 14. Nxd5 Nxd5 15. Bxa6 bxa6 16. a5 Nb4 17. Bxb4 cxb4 18. Rxb4 Qxc2 19. Kh2 e5 20. Rd1 exd4
21. exd4 Qc7+ 22. g3 Qxa5 23. Rb7
1-0

[Event "2014: Blitz 《 THE FINAL SHOOT-OUT 》"]
[Site "SchemingMind.com"]
[Date "2015.01.28"]
[Round "-"]
[White "Andoni Zabala"]
[Black "ray winteringham"]
[Result "1-0"]
[WhiteCountry "INT"]
[BlackCountry "ENG"]
[WhiteElo "1745"]
[WhiteRD "88"]
[BlackElo "1486"]
[BlackRD "52"]
[GameID "373790"]

1. e4 e5 2. Nf3 Nc6 3. Bc4 h6 4. O-O d6 5. d3 Be6 6. Nbd2 Be7 7. c3 Nf6 8. Bxe6 fxe6 9. h3 O-O 10. Nh2 b6
11. f4 exf4 12. Rxf4 Nh5 13. Rxf8+ Qxf8 14. Qxh5
1-0

[Event "2014: Blitz 《 THE FINAL SHOOT-OUT 》"]
[Site "SchemingMind.com"]
[Date "2015.01.28"]
[Round "-"]
[White "Ramesh Panwar"]
[Black "Andoni Zabala"]
[Result "1-0"]
[WhiteCountry "IND"]
[BlackCountry "INT"]
[WhiteElo "2329"]
[WhiteRD "52"]
[BlackElo "1745"]
[BlackRD "88"]
[GameID "373791"]

1. e4 c6 2. Nf3 d5 3. e5 Bf5 4. d4 e6 5. Be2 Ne7 6. Nc3 Nd7 7. O-O Nc8 8. Be3 Be7 9. Ne1 O-O 10. Bd3 Bxd3
11. Nxd3 b6 12. f4 c5 13. f5 cxd4 14. Bxd4 Re8 15. Qg4 Nc5 16. f6 Bf8 17. Nf4 Ne4 18. fxg7 Bc5 19. Bxc5 bxc5 20. Nxe4 dxe4
21. Rad1 Qe7 22. Nh5 Rd8 23. Rxd8+ Qxd8 24. Nf6+
1-0

[Event "2014: Blitz 《 THE FINAL SHOOT-OUT 》"]
[Site "SchemingMind.com"]
[Date "2015.01.28"]
[Round "-"]
[White "BigDoggProblem"]
[Black "Andoni Zabala"]
[Result "0-1"]
[WhiteCountry "USA"]
[BlackCountry "INT"]
[WhiteElo "1810"]
[WhiteRD "63"]
[BlackElo "1745"]
[BlackRD "88"]
[GameID "373793"]

1. e4 c6 2. d4 d5 3. e5 Bf5 4. h4 h6 5. g4 Bh7 6. e6 Qd6 7. exf7+ Kxf7 8. Nf3 Nd7 9. Bd3 e5 10. Bxh7 Rxh7
11. dxe5 Nxe5 12. Bf4 Qb4+ 13. Bd2 Qe4+
0-1

[Event "2014: Blitz 《 THE FINAL SHOOT-OUT 》"]
[Site "SchemingMind.com"]
[Date "2015.02.01"]
[Round "-"]
[White "emvarela"]
[Black "Andoni Zabala"]
[Result "1-0"]
[WhiteCountry "ARG"]
[BlackCountry "INT"]
[WhiteElo "1660"]
[WhiteRD "50"]
[BlackElo "1699"]
[BlackRD "86"]
[GameID "373795"]

1. e4 e5 2. Nf3 Nc6 3. Bb5 a6 4. Bxc6 dxc6 5. O-O Bg4 6. h3 Bh5 7. Nc3 Bd6 8. g4 Bg6 9. d3 Qd7 10. d4 f6
11. dxe5 fxe5 12. Nh4 Ne7 13. Nxg6 Nxg6 14. Be3 O-O-O 15. Qd3 Qe7 16. Rad1 Bc5 17. Qe2
1-0

[Event "2014: Blitz 《 THE FINAL SHOOT-OUT 》"]
[Site "SchemingMind.com"]
[Date "2015.01.28"]
[Round "-"]
[White "Andoni Zabala"]
[Black "Phillip Beckett"]
[Result "1-0"]
[WhiteCountry "INT"]
[BlackCountry "ENG"]
[WhiteElo "1745"]
[WhiteRD "88"]
[BlackElo "1541"]
[BlackRD "49"]
[GameID "373796"]

1. e4 e5 2. Nf3 Nc6 3. Bc4 Nf6 4. d3 Be7 5. Nc3 d6 6. Nd5 Nxd5 7. Bxd5 O-O 8. O-O Be6 9. b3 Bxd5 10. exd5 Nd4
11. Bb2 Nxf3+ 12. Qxf3 Bg5 13. c4 Qf6 14. Qxf6 Bxf6 15. f4 exf4 16. Bxf6 gxf6 17. Rxf4 Kg7 18. Raf1 Rae8 19. Rxf6 Re2 20. R6f2 Rxf2
21. Kxf2 f5 22. Re1 Rf7 23. b4 Kf6 24. Kf3 Rg7 25. a4 Rg4 26. g3 Rg7 27. h3 Rd7 28. Kf4 Rg7 29. d4 h5 30. Re6+ Kf7
31. Rh6 h4 32. Rxh4 Kf6 33. Rh5
1-0

[Event "2014: Blitz 《 THE FINAL SHOOT-OUT 》"]
[Site "SchemingMind.com"]
[Date "2015.01.28"]
[Round "-"]
[White "Andoni Zabala"]
[Black "Scooter"]
[Result "0-1"]
[WhiteCountry "INT"]
[BlackCountry "USA"]
[WhiteElo "1745"]
[WhiteRD "88"]
[BlackElo "1731"]
[BlackRD "44"]
[GameID "373798"]

1. e4 c6 2. d4 d5 3. Nc3 dxe4 4. Nxe4 Bf5 5. Ng3 Bg6 6. h4 h6 7. h5 Bh7 8. Nf3 Nd7 9. Bd3 Bxd3 10. Qxd3 Qc7
11. b3 O-O-O 12. Bb2 Ngf6 13. O-O-O e6 14. Ne4 Bd6
0-1

[Event "2014: Blitz 《 THE FINAL SHOOT-OUT 》"]
[Site "SchemingMind.com"]
[Date "2015.01.28"]
[Round "-"]
[White "Transcendent"]
[Black "Andoni Zabala"]
[Result "0-1"]
[WhiteCountry "ENG"]
[BlackCountry "INT"]
[WhiteElo "1589"]
[WhiteRD "69"]
[BlackElo "1745"]
[BlackRD "88"]
[GameID "373799"]

1. d4 d5 2. c4 e6 3. Nf3 Nf6 4. g3 Be7 5. Bg2 dxc4 6. Qc2 b5 7. Ne5 Nd5 8. Nc3 Bb7 9. Nxb5 a6 10. Nc3 O-O
11. O-O Nb4 12. Qa4 Bxg2 13. Kxg2 Qxd4 14. Nf3 Qd7 15. Qxd7 Nxd7 16. a3 Nd5 17. Nxd5 exd5 18. Bf4 c6 19. Nd4 Rfc8 20. Rfe1 Bf6
21. Nf5 g5
0-1

[Event "2014: Blitz 《 THE FINAL SHOOT-OUT 》"]
[Site "SchemingMind.com"]
[Date "2015.01.28"]
[Round "-"]
[White "Andoni Zabala"]
[Black "kenneth m day"]
[Result "0-1"]
[WhiteCountry "INT"]
[BlackCountry "USA"]
[WhiteElo "1699"]
[WhiteRD "86"]
[BlackElo "1730"]
[BlackRD "50"]
[GameID "373800"]

1. e4 e5 2. Nf3 Nc6 3. Bc4 Nf6 4. O-O Bc5 5. b4 Bb6 6. Re1 O-O 7. a4 a6 8. h3 d6 9. a5 Ba7 10. c3 Qe7
11. Qc2 Be6 12. Na3 Bd7 13. d4 exd4 14. cxd4 Nxb4 15. Qb3 c5 16. e5 dxe5 17. dxe5 Nh5 18. Bg5 Qe8 19. e6 Bxe6 20. Bxe6 fxe6
21. Rxe6 Qf7 22. Rae1 h6 23. Bd2 Nc6 24. Nc4 Nd4 25. Nxd4 Qxf2+ 26. Kh2 Bb8+ 27. Nd6 Bxd6+ 28. Rxd6+ Rf7 29. Re2 Qf1
0-1